| 000 | 00735nam a22002537a 4500 | ||
|---|---|---|---|
| 005 | 20170123162338.0 | ||
| 010 | _aB-070039 | ||
| 020 | _c80.00 | ||
| 035 | _aB-070039 | ||
| 037 | _bCen Lib/Ret | ||
| 040 |
_bUR _aDPL |
||
| 082 |
_a842 _bم ح م |
||
| 100 |
_aموحمد حسن _9125403 |
||
| 245 |
_aنے ڈرامے / _cموحمد حسن |
||
| 246 |
_aNaye drame / _bby Mohammad Hasan |
||
| 260 |
_bمقتبہ محباب اردو _c2003 _aدہلی |
||
| 270 | _bدہلی | ||
| 300 |
_a120p _c21cm(Hb) |
||
| 650 |
_aادب -- اردو _9125404 |
||
| 650 |
_aاردو ڈرامے _9125405 |
||
| 650 |
_aUrdu literature _9125406 |
||
| 650 |
_aurdu drame _9125407 |
||
| 942 |
_2ddc _cUR _h842 _mم ح م |
||
| 999 |
_c108312 _d108312 |
||